Carreteras provinciales de Barcelona : estudio histórico crítico / por Melchor de Palau estudio histórico crítico / por Melchor de Palau
Descripción Física:
p. 161-377, [6] p. : en una carpeta ; 34 cm
MARC
| LEADER | 00000nam a2200000Ia 4500 | ||
|---|---|---|---|
| 001 | 15968 | ||
| 008 | 160829s1891 xx 000 0 cat d | ||
| 080 | |a FOL-2-68 | ||
| 100 | |a Palau i Català, Melcior de |9 37207 | ||
| 245 | |a Carreteras provinciales de Barcelona : |b estudio histórico crítico / por Melchor de Palau | ||
| 260 | |a Madrid : |b Establecimiento Tipográfico de G. Juste, |c 1891 | ||
| 300 | |a p. 161-377, [6] p. : |b en una carpeta ; |c 34 cm | ||
| 590 | |a Fotocòpies de l'original. | ||
| 590 | |a Manquen les pàgines de la 350 a la 359 i de la 366 a la 373. | ||
| 590 | |a Publicat a: Revista de obras públicas, 4ª serie, t. 8, nº 11-21. | ||
| 590 | |a Exemplar donat per Miquel Vives Tort | ||
| 650 | 0 | |a Carreteres |z Barcelona (Província) |x Història |9 37208 | |
| 901 | |a Arxiu | ||
| 942 | |n 1 | ||
| 952 | |0 0 |1 0 |4 0 |6 FOL268 |7 1 |9 47749 |a Arxiu |b Arxiu |d 2016-12-01 |l 0 |o FOL-2-68 |p 15968 |r 2016-12-01 00:00:00 |w 2016-12-01 |y ARXIU | ||
| 999 | |c 51548 |d 51548 | ||